Statistics for Stieg Larsson's Millenium trilogy (SPOILER)

Click here to take the quiz!

General Stats

  • This quiz has been taken 22 times
  • The average score is 5 of 10

Answer Stats

DescriptionAnswer% Correct
City where all the books except The Girl With a Dragon Tattoo are placedStockholm
100%
The main character, A journalist, employee of MilleniumMikael Blomkvist
74%
Sadistic lawyer, that raped Lisbeth Salander and then was killed.Nils Bjurman
53%
Name of the boxer, who saved Miriam Wu after being attacked by the blonde giantPaolo Roberto
53%
Mikael Blomkvist's lover, originally the head of MilleniumErika Berger
53%
Place where the first book was placedHedestad
47%
Lisbeth Salander's 1st guardianHolger Palmgren
47%
The notorious motor clubSvavelsjö MC
16%
Island in the middle of the capital of Sweden, where Mikael and Lisbeth liveSödermalm
11%
Secretary of stateRichard Ekström
5%

Score Distribution

Percentile by Number Answered

Percent of People with Each Score

Your Score History

You have not taken this quiz